000 01409nam a2200349 a 4500
001 ebr10001774
003 CaPaEBR
006 m u
007 cr cn|||||||||
008 000615s2000 nyua sb 001 0 eng
010 _z 00010045
020 _z0801437989 (alk. paper)
040 _aCaPaEBR
_cCaPaEBR
035 _a(OCoLC)70731665
050 1 4 _aD34.R9
_bP64 2000eb
082 0 4 _a947
_221
100 1 _aPoe, Marshall.
245 1 2 _aA people born to slavery
_h[electronic resource] :
_bRussia in early modern European ethnography, 1476-1748 /
_cMarshall T. Poe.
260 _aIthaca [N.Y.] :
_bCornell University Press,
_c2000.
300 _axi, 293 p. :
_bill.
490 1 _aStudies of the Harriman Institute
504 _aIncludes bibliographical references (p. 239-281) and index.
533 _aElectronic reproduction.
_bPalo Alto, Calif. :
_cebrary,
_d2013.
_nAvailable via World Wide Web.
_nAccess may be limited to ebrary affiliated libraries.
650 0 _aPublic opinion
_zEurope.
651 0 _aRussia
_xForeign public opinion, European.
651 0 _aRussia
_xRelations
_zEurope.
651 0 _aEurope
_xRelations
_zRussia.
655 7 _aElectronic books.
_2local
710 2 _aebrary, Inc.
830 0 _aStudies of the Harriman Institute.
856 4 0 _uhttp://site.ebrary.com/lib/rucke/Doc?id=10001774
_zAn electronic book accessible through the World Wide Web; click to view
999 _c4772
_d4772